Statistics for All Division I College Football Teams

Click here to take the quiz!

General Stats

  • This quiz has been taken 29 times
  • The average score is 138 of 261

Answer Stats

College Team% Correct
Alabama
93%
Arizona
93%
Arizona State
93%
California
93%
Clemson
93%
Colorado
93%
Colorado State
93%
Florida
93%
Iowa
93%
Iowa State
93%
Southern
93%
Texas
93%
Texas Tech
93%
Arkansas
87%
Arkansas State
87%
Baylor
87%
Cincinnati
87%
Connecticut
87%
Florida State
87%
Georgia
87%
Kansas
87%
Kansas State
87%
LSU
87%
Mississippi State
87%
Montana
87%
Montana State
87%
Nevada
87%
New Mexico
87%
North Carolina
87%
Ole Miss
87%
Oregon
87%
Oregon State
87%
Pennsylvania
87%
Pittsburgh
87%
Rutgers
87%
South Dakota
87%
UCLA
87%
USC
87%
Washington
87%
Washington State
87%
Army
80%
Boise State
80%
Boston College
80%
Central Michigan
80%
Duke
80%
Idaho
80%
Louisiana
80%
Maryland
80%
Miami (FL)
80%
Michigan
80%
Michigan State
80%
Minnesota
80%
Nebraska
80%
New Mexico State
80%
North Dakota
80%
North Dakota State
80%
Northwestern
80%
Ohio
80%
Oklahoma
80%
Oklahoma State
80%
Penn State
80%
South Carolina
80%
South Florida
80%
Texas State
80%
UCF
80%
UNLV
80%
Virginia
80%
Western Michigan
80%
West Virginia
80%
Air Force
73%
Auburn
73%
Eastern Michigan
73%
Georgia State
73%
Georgia Tech
73%
Harvard
73%
Houston
73%
Indiana
73%
Louisville
73%
Memphis
73%
Navy
73%
NC State
73%
Ohio State
73%
South Dakota State
73%
TCU
73%
Tennessee
73%
Utah
73%
Utah State
73%
Virginia Tech
73%
Wisconsin
73%
Wyoming
73%
Yale
73%
Akron
67%
Alabama State
67%
Buffalo
67%
BYU
67%
Delaware
67%
Hawaii
67%
Idaho State
67%
Illinois
67%
Kentucky
67%
Maine
67%
Massachusetts
67%
Missouri
67%
Notre Dame
67%
San Diego State
67%
SMU
67%
Southern Miss
67%
Syracuse
67%
Texas A&M
67%
UTSA
67%
Vanderbilt
67%
Albany
60%
Appalachian State
60%
Bowling Green
60%
Charlotte
60%
Columbia
60%
Cornell
60%
Dartmouth
60%
Florida International
60%
Fresno State
60%
Indiana State
60%
Missouri State
60%
New Hampshire
60%
Northern Illinois
60%
San Diego
60%
San Jose State
60%
SC State
60%
Stanford
60%
Temple
60%
Tulane
60%
UTEP
60%
Alabama A&M
53%
Coastal Carolina
53%
Florida Atlantic
53%
Illinois State
53%
Louisiana Tech
53%
Marshall
53%
Princeton
53%
Purdue
53%
Rhode Island
53%
South Alabama
53%
Tennessee State
53%
Toledo
53%
Ball State
47%
Butler
47%
Florida A&M
47%
Georgetown
47%
Georgia Southern
47%
Middle Tennessee
47%
North Texas
47%
Rice
47%
Southern Illinois
47%
Tulsa
47%
UAB
47%
Wake Forest
47%
William & Mary
47%
Abilene Christian
40%
Alcorn State
40%
Brown
40%
Dayton
40%
Drake
40%
East Carolina
40%
Eastern Illinois
40%
Jackson State
40%
Jacksonville State
40%
Lafayette
40%
North Alabama
40%
Portland State
40%
Western Illinois
40%
Western Kentucky
40%
Youngstown State
40%
Arkansas-Pine Bluff
33%
Austin Peay
33%
Central Arkansas
33%
Chattanooga
33%
Davidson
33%
Delaware State
33%
Eastern Kentucky
33%
Eastern Washington
33%
Grambling
33%
James Madison
33%
Kent State
33%
Liberty
33%
Louisiana-Monroe
33%
Miami (OH)
33%
Northern Arizona
33%
Northern Iowa
33%
Old Dominion
33%
Sam Houston
33%
Texas Southern
33%
The Citadel
33%
Troy
33%
UC Davis
33%
Wofford
33%
Bucknell
27%
Central Connecticut
27%
Charleston Southern
27%
Colgate
27%
Holy Cross
27%
Howard
27%
Lehigh
27%
Northern Colorado
27%
Richmond
27%
Sacramento State
27%
Tennessee Tech
27%
Villanova
27%
VMI
27%
Bethune-Cookman
20%
Bryant
20%
Cal Poly
20%
Elon
20%
Fordham
20%
Furman
20%
Houston Baptist
20%
Lamar
20%
LIU
20%
Marist
20%
Mississippi Valley State
20%
Murray State
20%
Prairie View A&M
20%
Presbyterian
20%
Sacred Heart
20%
Southeastern Louisiana
20%
Southeast Missouri State
20%
Southern Utah
20%
Stony Brook
20%
Towson
20%
Utah Tech
20%
Valparaiso
20%
Wagner
20%
Weber State
20%
Western Carolina
20%
Campbell
13%
Duquesne
13%
East Tennessee State
13%
Gardner-Webb
13%
Incarnate Word
13%
Kennesaw State
13%
McNeese
13%
Mercer
13%
Morehead State
13%
Nicholls
13%
Norfolk State
13%
North Carolina Central
13%
Northwestern State
13%
Saint Francis (PA)
13%
Samford
13%
Stetson
13%
Tarleton
13%
Hampton
7%
Lindenwood
7%
Merrimack
7%
Monmouth
7%
Morgan State
7%
North Carolina A&T
7%
Robert Morris
7%
Saint Thomas (MN)
7%
Stephen F. Austin
7%
UT Martin
7%
Stonehill
0%
Texas A&M-Commerce
0%

Score Distribution

Percentile by Number Answered

Percent of People with Each Score

Your Score History

You have not taken this quiz